Remix theory :the aesthetics of sampling
Saved in:
| Main Author: | |
|---|---|
| Format: | Book |
| Language: | English |
| Published: |
Springer Wien
2012
|
| Tags: |
Add Tag
No Tags, Be the first to tag this record!
|
MARC
| LEADER | 00000nam a22000007a 4500 | ||
|---|---|---|---|
| 008 | 240219b |||||||| |||| 00| 0 eng d | ||
| 020 | |a 9783709112625 | ||
| 100 | |a NAVAS, Eduardo | ||
| 245 | |a Remix theory |b :the aesthetics of sampling |c /Eduardo Navas |g xii, 179p | ||
| 260 | |b Springer Wien |c 2012 |h New York |i 701787 |i 701788 |l NX456.5.A66N22 |m Appropriation (Art) |m Sampling (sound) |m Remixes |m Mashups (World Wide Web) |m Aesthetics, Modern- 20th century | ||
| 500 | |a it includes references and index | ||
| 942 | |a lcc |c BK |e Johnson |f 19/02/24 | ||
| 952 | |0 0 |1 0 |2 lcc |4 0 |6 NX04565 A66 N22 |7 0 |9 4843 |a EDM |b HOL |c LP |d 2024-02-19 |l 0 |o NX456.5.A66N22 |p 2024-0096 |r 2024-02-19 00:00:00 |t 701787 |w 2024-02-19 |y BK | ||
| 952 | |0 0 |1 0 |2 lcc |4 0 |6 NX04565 A66 N22 |7 0 |9 4844 |a HOL |b HOL |c LP |d 2024-02-19 |l 0 |o NX456.5.A66N22 |p 2024-0097 |r 2024-02-19 00:00:00 |t 701788 |w 2024-02-19 |y BK | ||
| 999 | |c 2416 |d 2416 | ||